000 00994 a2200181 4500
003 Nust
005 20221123122131.0
040 _cNust
082 _a621.381028,TER
100 _aFrederick Emmons Terman
_9103411
245 _aElectronic Measurements /
_bFrederick Emmons Terman
250 _a2nd ed.
260 _aMc Graw-Hill
_bNew York
_c1952.
300 _a707p
505 _aVoltage and Current (Page-1), Power (Page-40), Circuits Constants of Lumped Circuits (Page-66), Circuits Constants in Systems Involving Distributed (Page-122), Measurement of Frequency (Page-193), Characteristics of Triodes, Pentodes and Similar Tubes (Page-289), Amplifier Measurements (Page-311), Receiver Measurements (Page-380), Radio Waves (Page-448), Laboratory Oscillators (Page-482), Generators of Special Waveforms (Page-533), Reactance and Resistance Stage Standers and Devices (Page-610), Attenuators and Signal Generators (Page-641).
650 _aTelecommunication Engineering
942 _2ddc
_cBK
999 _c181913
_d181913